000 00905cab a2200265 4500
001 WB2837-77
008 090401t1992 xxu||||| |||| 00| 0 eng d
035 _a(Sirsi) u19678
041 _aeng
245 _aSurveyors offer poor service
260 _c1992
350 _a0
490 _aEstates Times
_v(1159) 18 September 1992, 1
490 _aFinancial Times
_v21 September 1992, 12(1)
520 _aProperty consultants are not providing the kind of service required by the market according to research published by the College of Estate Management and funded by MEPC`s research award scheme.
650 _aCAREERS, EDUCATION AND TRAINING
650 _aPROFESSIONAL SKILLS
650 _aQUALITY ASSURANCE
650 _aSKILLS MISMATCH
650 _aSKILLS
650 _aSURVEYORS
690 _aMANAGEMENT-BUSINESS MANAGEMENT-PROFESSIONAL PRACTICE
942 _n0
948 _c04/03/1997
999 _c13165
_d13165